Online
Catalog

Cuentos de aquí, de allá y del más allá / (Record no. 11975)

MARC details
000 -CABECERA
campo de control de longitud fija 00652nam a2200205 a 4500
001 - NÚMERO DE CONTROL
campo de control 000012318
005 - FECHA Y HORA DE LA ÚLTIMA TRANSACCIÓN
campo de control 20200929162808.0
008 - DATOS DE LONGITUD FIJA--INFORMACIÓN GENERAL
campo de control de longitud fija 091111s2004 dr r 000 0 spa d
020 ## - NÚMERO INTERNACIONAL ESTÁNDAR DEL LIBRO
Número Internacional Estándar del Libro 9993433926
040 ## - FUENTE DE LA CATALOGACIÓN
Centro catalogador/agencia de origen DO-SdBNP
Lengua de catalogación spa
Centro/agencia transcriptor BNPHU
082 ## - NÚMERO DE LA CLASIFICACIÓN DECIMAL DEWEY
Número de clasificación B863.44
Número de documento/Ítem F383c
100 1# - ENTRADA PRINCIPAL--NOMBRE DE PERSONA
Nombre de persona Ferreira de Ugona, Neide
9 (RLIN) 28987
245 10 - MENCIÓN DE TÍTULO
Título Cuentos de aquí, de allá y del más allá /
Mención de responsabilidad, etc. Neide Ferreira de Ugona.
260 ## - PUBLICACIÓN, DISTRIBUCIÓN, ETC.
Lugar de publicación, distribución, etc. Santo Domingo :
Nombre del editor, distribuidor, etc. Mediabyte,
Fecha de publicación, distribución, etc. 2004.
300 ## - DESCRIPCIÓN FÍSICA
Extensión 212 p. ;
Dimensiones 21 cm.
590 ## - NOTA LOCAL (RLIN)
Nota local Inventariado, 2020/BT
650 #4 - PUNTO DE ACCESO ADICIONAL DE MATERIA--TÉRMINO DE MATERIA
Término de materia o nombre geográfico como elemento de entrada Cuentos brasileños
9 (RLIN) 24191
650 #4 - PUNTO DE ACCESO ADICIONAL DE MATERIA--TÉRMINO DE MATERIA
Término de materia o nombre geográfico como elemento de entrada Literatura brasileña
9 (RLIN) 823
910 ## - DATOS DE OPCIÓN DEL USUARIO (OCLC)
Datos de opción del usuario Validado. Control de calidad. MMOLINA
Holdings
Estado de retiro Estado de pérdida No para préstamo Código de colección Localización permanente Ubicación/localización actual Ubicación en estantería Fecha de adquisición Número de inventario Total de préstamos Signatura topográfica completa Código de barras Fecha visto por última vez Precio válido a partir de Tipo de ítem Koha Número de copia Restricciones de uso
    Excluido de préstamo Patrimonio Dominicano General General Depósito 11.11.2009 LF1   B863.44 F383c 12318-10 25.06.2020 25.06.2020 Libro y Folleto Colección Patrimonio Dominicano    
    Excluido de préstamo Patrimonio Dominicano General General Depósito 11.11.2009 LF1   B863.44 F383c 12318-20 25.06.2020 25.06.2020 Libro y Folleto Colección Patrimonio Dominicano e.2  
      Dominicana de Servicio General General Depósito 11.11.2009 LF1   B863.44 F383c 12318-30 25.06.2020 25.06.2020 Libro y Folleto Colección Dominicana de Servicio e.3  

Powered by Koha